Producing animation
Αποθηκεύτηκε σε:
| Κύριος συγγραφέας: | |
|---|---|
| Άλλοι συγγραφείς: | |
| Μορφή: | Βιβλίο |
| Γλώσσα: | English |
| Δημοσίευση: |
Amsterdam :
Focal Press,
c2001
|
| Σειρά: | Focal Press visual effects and animation series
|
| Θέματα: | |
| Ετικέτες: |
Προσθήκη ετικέτας
Δεν υπάρχουν, Καταχωρήστε ετικέτα πρώτοι!
|
MARC
| LEADER | 00000nam a2200000 i 4500 | ||
|---|---|---|---|
| 001 | 1/77243 | ||
| 008 | 050525s2001 eng d | ||
| 020 | |a 0-240-80412-0 | ||
| 035 | |l 10078191 | ||
| 040 | |a GR-MY-UA |b gre |e aacr | ||
| 041 | 0 | |a eng | |
| 082 | 0 | |a 791.433 |2 (21) | |
| 100 | 1 | |a Winder, Catherine. | |
| 245 | 1 | 0 | |a Producing animation / |c by Catherine Winder and Zahra Dowlatabadi |
| 260 | |a Amsterdam : |b Focal Press, |c c2001 | ||
| 300 | |a xvi, 315 σ.; |b εικ.; |c 25 εκ. | ||
| 490 | 1 | |a Focal Press visual effects & animation series | |
| 504 | |a Περιέχει βιβλιογραφία και ευρετήριο | ||
| 650 | 0 | 0 | |a Animation (Cinematography) |
| 700 | 1 | |a Dowlatabadi, Zahra. | |
| 830 | 0 | |a Focal Press visual effects and animation series | |
| 852 | |a INST |b LESVOS |e 20050525 |h 791.433 WIN |p 005100027595 |q 005100027595 |t BK |y 0 | ||
| 901 | |a BIBL1-2005-2 | ||
| 909 | |a Λ |b 113540 | ||
| 920 | |a ΔΙΕΥΡΥΝΣΗ |b ΕΠΕΑΕΚ-ΠΤΕ |y ΛΕΣΒΟΣ |z 2004-09 | ||
| 970 | |a ΚΑΡΑ |b ΓΙΑΣΕΜΗ |z 2005/05/25 | ||